| 000 | 01638cam a2200361 4500 | ||
|---|---|---|---|
| 008 | 021216n 000 0 eng u | ||
| 020 | _aJ121782 | ||
| 035 | _a(Sirsi) u121782 | ||
| 050 |
_a711.58 _c18 |
||
| 110 |
_aUnited Nations Economic Commission for Europe _93440 |
||
| 245 | _a9th conference on urban and regional research : sustainable and livable cities 9 - 19 June 2002 Leeds, United Kingdom | ||
| 260 |
_aGeneva _bUnited Nations Economic Commission for Europe _c2002-03 |
||
| 505 | _aReport on the Leeds Conference | ||
| 505 | _aPhotos | ||
| 505 | _aSummary paper | ||
| 505 | _aUrban society and economy: achieving social equity through effective planning policies and tools | ||
| 505 | _aImproving urban performance : urban structure and ecosystems | ||
| 505 | _aGovernance and urban organisation : integrated decision-making | ||
| 520 | _aView a report on the conference, photographs,summary paper and three discussion papers at www.unece.org. The full conference proceedings have been published separately (ISBN 1842191187). | ||
| 650 | _aCITIES | ||
| 650 | _aSUSTAINABLE DEVELOPMENT | ||
| 650 | _aURBAN DEVELOPMENT | ||
| 650 | _aURBAN REGENERATION | ||
| 690 | _aDEVELOPMENT-SUSTAINABLE | ||
| 700 | _aFell, David | ||
| 700 | _aStorchevus, Vladimir | ||
| 700 | _aBudisteanu, Ileana | ||
| 700 | _aSkovbro, Anne | ||
| 700 | _aQuerrien, Anne | ||
| 700 | _aElander, Ingemar | ||
| 856 |
_uhttps://www.unece.org/env/hs/conference/welcome.htm _zView the conference report, photographs, summary paper and discussion papers on the United National Economic Commission for Europe website... |
||
| 942 | _n0 | ||
| 999 |
_c102736 _d102736 |
||